[Event "Madrid ch Final 2019"]
[Site "Madrid ESP"]
[Date "2019.05.26"]
[Round "2.6"]
[White "Mkrtchyan, Levon"]
[Black "Martinez Reyes, Pedro Ramon"]
[Result "1/2-1/2"]
[WhiteElo "2168"]
[BlackElo "2416"]
[PlyCount "56"]
[EventDate "2019.05.25"]
[EventType "swiss"]
[EventRounds "7"]
[EventCountry "ESP"]
[SourceTitle "Ajedrez en Madrid"]
[Source "lmi"]
[SourceDate "2019.05.25"]
[SourceVersion "1"]
[SourceVersionDate "2019.06.03"]
[SourceQuality "1"]

1. e4 e6 2. d4 d5 3. Nc3 Nf6 4. e5 Ne4 5. Bd3 Nxc3 6. bxc3 c5 7. f4 Qa5 8. Bd2
Qa4 9. Nf3 Nc6 10. Be3 Qa5 11. Bd2 cxd4 12. cxd4 Bb4 13. Bxb4 Nxb4 14. Qd2
Nxd3+ 15. cxd3 Qxd2+ 16. Kxd2 Bd7 17. Rhc1 Bc6 18. Rc3 Ke7 19. Rac1 h6 20. h4
f5 21. Rg1 Rhc8 22. g4 fxg4 23. Rxg4 Kf8 24. Rg6 Bd7 25. Rb3 b6 26. Rb1 Re8 27.
Rbg1 Re7 28. h5 Rc8 1/2-1/2

[Event "Madrid ch Final 2019"]
[Site "Madrid ESP"]
[Date "2019.05.26"]
[Round "2.7"]
[White "Cabañas Bravo, Juan Andres"]
[Black "Martin Duque, Jesus"]
[Result "0-1"]
[WhiteElo "2010"]
[BlackElo "2372"]
[PlyCount "48"]
[EventDate "2019.05.25"]
[EventType "swiss"]
[EventRounds "7"]
[EventCountry "ESP"]
[SourceTitle "Ajedrez en Madrid"]
[Source "lmi"]
[SourceDate "2019.05.25"]
[SourceVersion "1"]
[SourceVersionDate "2019.06.03"]
[SourceQuality "1"]

1. e4 c5 2. Nf3 e6 3. d4 cxd4 4. Nxd4 Nc6 5. Nc3 Qc7 6. Ndb5 Qb8 7. Be3 Nf6 8.
f4 d6 9. Be2 Be7 10. a4 O-O 11. O-O b6 12. Bf3 Bb7 13. Rf2 Na5 14. Na3 Rc8 15.
Qd3 Rd8 16. Bd4 Nc6 17. Be3 d5 18. exd5 Nb4 19. Qe2 Nbxd5 20. Nxd5 Nxd5 21.
Bxd5 Rxd5 22. c3 Qc8 23. Nc2 Bh4 24. Rf3 Ba6 0-1

[Event "Madrid ch Final 2019"]
[Site "Madrid ESP"]
[Date "2019.05.26"]
[Round "2.8"]
[White "Nuñez Reiz, Antonio"]
[Black "Elissalt Cardenas, Hector"]
[Result "0-1"]
[WhiteElo "2083"]
[BlackElo "2287"]
[PlyCount "48"]
[EventDate "2019.05.25"]
[EventType "swiss"]
[EventRounds "7"]
[EventCountry "ESP"]
[SourceTitle "Ajedrez en Madrid"]
[Source "lmi"]
[SourceDate "2019.05.25"]
[SourceVersion "1"]
[SourceVersionDate "2019.06.03"]
[SourceQuality "1"]

1. e4 d6 2. d4 Nf6 3. Nc3 e5 4. Nf3 Nbd7 5. h3 Be7 6. Be3 O-O 7. g4 c6 8. g5
Ne8 9. h4 b5 10. Bh3 Nb6 11. dxe5 Bxh3 12. Bxb6 Qc8 13. Be3 Bg4 14. Bf4 dxe5
15. Bxe5 f6 16. gxf6 Bxf6 17. Nd5 cxd5 18. Qxd5+ Be6 19. Qd4 Qxc2 20. Bxf6 Nxf6
21. Ng5 Bc4 22. Qd2 Qxd2+ 23. Kxd2 h6 24. e5 Ng4 0-1

[Event "Madrid ch Final 2019"]
[Site "Madrid ESP"]
[Date "2019.05.26"]
[Round "2.9"]
[White "Rodriguez Melendez, Juan Humbert"]
[Black "Rojas Pozo, Jose Luis"]
[Result "1/2-1/2"]
[WhiteElo "2212"]
[BlackElo "1974"]
[PlyCount "116"]
[EventDate "2019.05.25"]
[EventType "swiss"]
[EventRounds "7"]
[EventCountry "ESP"]
[SourceTitle "Ajedrez en Madrid"]
[Source "lmi"]
[SourceDate "2019.05.25"]
[SourceVersion "1"]
[SourceVersionDate "2019.06.03"]
[SourceQuality "1"]

1. d4 Nf6 2. c4 e6 3. g3 d5 4. Nf3 Be7 5. Bg2 O-O 6. O-O Ne4 7. Qc2 c6 8. b3
Nd7 9. Ba3 f5 10. Bxe7 Qxe7 11. Nc3 Ndf6 12. Ne5 Nd7 13. Nd3 Qf6 14. e3 Qh6 15.
Rae1 b6 16. f3 Nxc3 17. Qxc3 Bb7 18. Rf2 Rac8 19. c5 Qf6 20. Bf1 Rfe8 21. f4
Qe7 22. b4 Ba6 23. Qa3 Bxd3 24. Bxd3 b5 25. Ra1 Nf6 26. Qb3 Ra8 27. a4 a6 28.
Rfa2 Qb7 29. h3 Reb8 30. axb5 axb5 31. Ra5 Rxa5 32. Rxa5 Ra8 33. Qa3 Rxa5 34.
Qxa5 Qb8 35. Kg2 h5 36. Qa6 Qc7 37. Kf3 Kf7 38. Qa8 g6 39. Bc2 Kg7 40. Kg2 Kf7
41. Bd1 Kg7 42. Be2 Kf7 43. g4 hxg4 44. hxg4 fxg4 45. Kg3 g5 46. Bxg4 gxf4+ 47.
exf4 Nxg4 48. Kxg4 Kg7 49. Qe8 Qf7 50. Qxf7+ Kxf7 51. f5 Kf6 52. fxe6 Kxe6 53.
Kg5 Ke7 54. Kg6 Ke6 55. Kg5 Ke7 56. Kg4 Ke6 57. Kg5 Ke7 58. Kg6 Ke6 1/2-1/2

[Event "Madrid ch Final 2019"]
[Site "Madrid ESP"]
[Date "2019.05.26"]
[Round "2.10"]
[White "Serrano Salvador, Eduardo"]
[Black "Estevez Sacristan, Deva"]
[Result "1-0"]
[WhiteElo "2324"]
[BlackElo "1999"]
[PlyCount "95"]
[EventDate "2019.05.25"]
[EventType "swiss"]
[EventRounds "7"]
[EventCountry "ESP"]
[SourceTitle "Ajedrez en Madrid"]
[Source "lmi"]
[SourceDate "2019.05.25"]
[SourceVersion "1"]
[SourceVersionDate "2019.06.03"]
[SourceQuality "1"]

1. Nf3 f5 2. d3 d6 3. e4 e5 4. d4 fxe4 5. Ng5 Be7 6. dxe5 Bxg5 7. Qh5+ g6 8.
Qxg5 Qxg5 9. Bxg5 d5 10. Nc3 c6 11. f3 h6 12. Bh4 g5 13. Bf2 exf3 14. gxf3 Ne7
15. h4 g4 16. Be2 gxf3 17. Bxf3 Bf5 18. O-O-O Nd7 19. Rde1 Be6 20. Bh5+ Kd8 21.
Ne2 Rf8 22. Nd4 Rxf2 23. Nxe6+ Kc8 24. Bg4 b6 25. Rhg1 Kb7 26. Bh3 Rf7 27. b4
a5 28. bxa5 b5 29. h5 c5 30. Bf1 Nc6 31. Bxb5 Ncxe5 32. Bxd7 Nxd7 33. Rg6 Rh7
34. Re3 Rxa5 35. Rb3+ Ka7 36. Nd8 Ne5 37. Re6 Rd7 38. Rxe5 Rxd8 39. Re7+ Ka8
40. Rb6 Rxa2 41. Rxh6 Ra1+ 42. Kb2 Rh1 43. Rhh7 c4 44. Kc3 Rh3+ 45. Kd4 Rh2 46.
Kc5 Rc8+ 47. Kb6 Rb8+ 48. Ka6 1-0

[Event "Madrid ch Final 2019"]
[Site "Madrid ESP"]
[Date "2019.05.26"]
[Round "2.11"]
[White "Perez Gonzalez, Jose Manuel"]
[Black "Robles Diaz, Jose Alberto"]
[Result "1/2-1/2"]
[WhiteElo "2228"]
[BlackElo "2044"]
[PlyCount "51"]
[EventDate "2019.05.25"]
[EventType "swiss"]
[EventRounds "7"]
[EventCountry "ESP"]
[SourceTitle "Ajedrez en Madrid"]
[Source "lmi"]
[SourceDate "2019.05.25"]
[SourceVersion "1"]
[SourceVersionDate "2019.06.03"]
[SourceQuality "1"]

1. e4 c5 2. Nf3 e6 3. d4 cxd4 4. Nxd4 Nf6 5. Nc3 d6 6. Bc4 a6 7. O-O Qc7 8. Bb3
Be7 9. f4 O-O 10. f5 e5 11. Nde2 Nbd7 12. Bg5 b5 13. Ng3 Bb7 14. Nh5 Rac8 15.
Bxf6 Nxf6 16. Nxf6+ Bxf6 17. Bd5 Bxd5 18. Nxd5 Qxc2 19. Qg4 Kh8 20. Rf2 Qc5 21.
Nxf6 gxf6 22. Qh4 Kg7 23. Re1 Qd4 24. Kh1 Rg8 25. h3 Kf8 26. Qh6+ 1/2-1/2

[Event "Madrid ch Final 2019"]
[Site "Madrid ESP"]
[Date "2019.05.26"]
[Round "2.12"]
[White "Lorenzo Bailador, Alfredo"]
[Black "De La Puerta Cresis, Javier"]
[Result "0-1"]
[WhiteElo "2003"]
[BlackElo "2116"]
[PlyCount "72"]
[EventDate "2019.05.25"]
[EventType "swiss"]
[EventRounds "7"]
[EventCountry "ESP"]
[SourceTitle "Ajedrez en Madrid"]
[Source "lmi"]
[SourceDate "2019.05.25"]
[SourceVersion "1"]
[SourceVersionDate "2019.06.03"]
[SourceQuality "1"]

1. e4 c5 2. c3 Nf6 3. e5 Nd5 4. d4 cxd4 5. Nf3 Nc6 6. Bc4 Nb6 7. Bb3 d5 8. exd6
Qxd6 9. O-O Be6 10. Bxe6 Qxe6 11. Nxd4 Nxd4 12. Qxd4 Rd8 13. Qb4 Qe2 14. Na3 e5
15. Qb3 Bc5 16. Bg5 Rd7 17. Bh4 O-O 18. Rfe1 Qg4 19. Bg3 e4 20. Nc4 Re8 21. a4
h5 22. Qb5 Nxc4 23. Qxc4 Qf5 24. b4 Bd6 25. Re3 Bxg3 26. hxg3 Rd2 27. f3 Qg5
28. Rxe4 Rxe4 29. Qxe4 Qxg3 30. f4 Qxc3 31. Qe8+ Kh7 32. Rf1 Qd4+ 33. Kh1 Qd5
34. Rf3 Qf5 35. Qe7 Qg4 36. Qe4+ f5 0-1

[Event "Madrid ch Final 2019"]
[Site "Madrid ESP"]
[Date "2019.05.26"]
[Round "2.13"]
[White "Pastor Alonso De Prado, Alberto"]
[Black "Gueler Berdasco, Martin"]
[Result "1-0"]
[WhiteElo "2094"]
[BlackElo "1917"]
[PlyCount "47"]
[EventDate "2019.05.25"]
[EventType "swiss"]
[EventRounds "7"]
[EventCountry "ESP"]
[SourceTitle "Ajedrez en Madrid"]
[Source "lmi"]
[SourceDate "2019.05.25"]
[SourceVersion "1"]
[SourceVersionDate "2019.06.03"]
[SourceQuality "1"]

1. e4 c5 2. c3 d5 3. exd5 Qxd5 4. d4 e6 5. Nf3 Nf6 6. Na3 cxd4 7. Nb5 Qd8 8.
Qxd4 Qxd4 9. Nfxd4 Na6 10. Bf4 Nh5 11. Nd6+ Ke7 12. Nxc8+ Rxc8 13. Be3 Nc5 14.
O-O-O a6 15. Be2 g6 16. Bf3 Nf6 17. Nb3 Nfe4 18. Nxc5 Nxc5 19. Rd2 b6 20. Rhd1
Kf6 21. h4 h6 22. Rd8 Bg7 23. R8d6 Na4 24. Bd4+ 1-0

[Event "Madrid ch Final 2019"]
[Site "Madrid ESP"]
[Date "2019.05.26"]
[Round "2.14"]
[White "Gonzalez Rivera, Eduardo"]
[Black "Pindado Campos, Raul"]
[Result "1-0"]
[WhiteElo "1998"]
[BlackElo "2089"]
[PlyCount "139"]
[EventDate "2019.05.25"]
[EventType "swiss"]
[EventRounds "7"]
[EventCountry "ESP"]
[SourceTitle "Ajedrez en Madrid"]
[Source "lmi"]
[SourceDate "2019.05.25"]
[SourceVersion "1"]
[SourceVersionDate "2019.06.03"]
[SourceQuality "1"]

1. e4 c5 2. Nf3 d6 3. d4 cxd4 4. Nxd4 Nf6 5. Nc3 g6 6. Be3 Bg7 7. Be2 Nc6 8.
Nb3 Bd7 9. f4 O-O 10. g4 a5 11. g5 Ne8 12. a4 Nb4 13. h4 Bc6 14. Nd4 e5 15.
Nxc6 bxc6 16. f5 d5 17. Bc5 f6 18. exd5 cxd5 19. fxg6 hxg6 20. Bxb4 axb4 21.
Nxd5 Rc8 22. gxf6 Nxf6 23. Nxb4 Qa5 24. c3 Rfd8 25. Qb3+ Kh8 26. h5 g5 27. h6
Bf8 28. Qf7 Nh7 29. Bc4 Rxc4 30. Qxc4 Qa8 31. Rf1 Bxh6 32. Rd1 g4 33. Rxd8+
Qxd8 34. Qd5 Qg5 35. Qa8+ Nf8 36. Rxf8+ Bxf8 37. Qxf8+ Kh7 38. Qf7+ Kh6 39.
Qe6+ Kh7 40. Qd7+ Kh8 41. Ke2 g3 42. Qh3+ Kg7 43. Qg2 Qh5+ 44. Ke3 Qg5+ 45. Ke2
Qh5+ 46. Ke1 Qg5 47. Nd3 e4 48. Qxe4 g2 49. Qb7+ Kg8 50. Qa8+ Kg7 51. Qa7+ Kg8
52. Qg1 Qg3+ 53. Ke2 Qg4+ 54. Kd2 Qg5+ 55. Kc2 Qg4 56. Nf4 Qf5+ 57. Kb3 Qf7+
58. Ka3 Qf8+ 59. Ka2 Qf7+ 60. Ka1 Qxf4 61. Qxg2+ Kf7 62. Qb7+ Ke8 63. Qb4 Qf1+
64. Ka2 Qf7+ 65. c4 Qf2 66. a5 Kd7 67. Qb5+ Kc8 68. a6 Kd8 69. Qb8+ Kd7 70. a7
1-0

[Event "Madrid ch Final 2019"]
[Site "Madrid ESP"]
[Date "2019.05.27"]
[Round "3.1"]
[White "Yañez Rodriguez, Wilbert"]
[Black "Espinosa Aranda, Angel"]
[Result "1/2-1/2"]
[WhiteElo "2217"]
[BlackElo "2483"]
[PlyCount "73"]
[EventDate "2019.05.25"]
[EventType "swiss"]
[EventRounds "7"]
[EventCountry "ESP"]
[SourceTitle "Ajedrez en Madrid"]
[Source "lmi"]
[SourceDate "2019.05.25"]
[SourceVersion "1"]
[SourceVersionDate "2019.06.03"]
[SourceQuality "1"]

1. c4 e5 2. g3 Nc6 3. Bg2 Nf6 4. d3 Bc5 5. Nc3 O-O 6. Nf3 d6 7. O-O a6 8. a3
Nd4 9. b4 Nxf3+ 10. Bxf3 Bd4 11. Bb2 c6 12. e3 Ba7 13. Rc1 Bh3 14. Re1 Qd7 15.
Ne4 Nxe4 16. dxe4 f6 17. Rc2 Be6 18. Be2 Rad8 19. Rd2 Bb8 20. Qc2 Qf7 21. Bd3
Kh8 22. Rc1 Ba7 23. Qd1 Qe7 24. Be2 f5 25. exf5 Bxf5 26. Bd3 Qe6 27. Bxf5 Qxf5
28. Qe2 Qe4 29. Qd3 Qxd3 30. Rxd3 Bb8 31. Rcd1 Rc8 32. a4 Kg8 33. Kg2 Kf7 34.
f4 exf4 35. gxf4 Rfe8 36. Kf3 Re6 37. e4 1/2-1/2

[Event "Madrid ch Final 2019"]
[Site "Madrid ESP"]
[Date "2019.05.27"]
[Round "3.2"]
[White "Moreno Ruiz, Javier"]
[Black "Almagro Llamas, Pablo"]
[Result "1-0"]
[WhiteElo "2471"]
[BlackElo "2458"]
[PlyCount "75"]
[EventDate "2019.05.25"]
[EventType "swiss"]
[EventRounds "7"]
[EventCountry "ESP"]
[SourceTitle "Ajedrez en Madrid"]
[Source "lmi"]
[SourceDate "2019.05.25"]
[SourceVersion "1"]
[SourceVersionDate "2019.06.03"]
[SourceQuality "1"]

1. c4 e5 2. g3 Nf6 3. Bg2 d5 4. cxd5 Nxd5 5. Nf3 Nc6 6. O-O Be7 7. Nc3 Be6 8.
d4 Nxc3 9. bxc3 e4 10. Nd2 f5 11. e3 O-O 12. c4 Bf7 13. Bb2 Bf6 14. Rb1 Rb8 15.
f3 exf3 16. Qxf3 Qe7 17. Bc3 Rfe8 18. Rfe1 Qa3 19. Nb3 Bxc4 20. Qxf5 Qxa2 21.
Nc5 Ne7 22. Qf3 Nd5 23. Ra1 Qc2 24. Rec1 Qxc3 25. Rxc3 Nxc3 26. Nd7 Rbd8 27.
Nxf6+ gxf6 28. Qxb7 Bd5 29. Qxc7 Rc8 30. Qd7 Be6 31. Qxa7 Bf7 32. Re1 Nd5 33.
e4 Nb4 34. Qb6 Nc2 35. Re2 Re6 36. Qb2 Rec6 37. Bh3 R8c7 38. d5 1-0

[Event "Madrid ch Final 2019"]
[Site "Madrid ESP"]
[Date "2019.05.27"]
[Round "3.3"]
[White "Martin Duque, Jesus"]
[Black "Suarez Uriel, Adrian"]
[Result "1-0"]
[WhiteElo "2372"]
[BlackElo "2382"]
[PlyCount "103"]
[EventDate "2019.05.25"]
[EventType "swiss"]
[EventRounds "7"]
[EventCountry "ESP"]
[SourceTitle "Ajedrez en Madrid"]
[Source "lmi"]
[SourceDate "2019.05.25"]
[SourceVersion "1"]
[SourceVersionDate "2019.06.03"]
[SourceQuality "1"]

1. e4 c5 2. Nf3 Nc6 3. Bb5 g6 4. Bxc6 dxc6 5. h3 Bg7 6. d3 Nf6 7. O-O Nd7 8.
Nc3 Qc7 9. Be3 b6 10. Qd2 Nf8 11. Bh6 Bxh6 12. Qxh6 Ne6 13. Ne2 Bd7 14. a3
O-O-O 15. Ng5 Nxg5 16. Qxg5 e5 17. b4 Qd6 18. f4 f5 19. exf5 gxf5 20. fxe5 Qxe5
21. Nf4 Rde8 22. Kh1 Qc3 23. bxc5 Qxc5 24. c4 Rhg8 25. Qh6 Re7 26. a4 Rge8 27.
a5 bxa5 28. Qh4 Kb8 29. Rfb1+ Ka8 30. Rb2 Qd4 31. Rba2 Qc3 32. Kh2 Re1 33. Rxe1
Qxe1 34. Qxh7 Re7 35. Qh8+ Be8 36. Qd4 Qe5 37. Qd8+ Kb7 38. Rb2+ Qxb2 39. Qxe7+
Ka6 40. Qxe8 a4 41. Qxc6+ Ka5 42. Qc5+ Ka6 43. Qc8+ Ka5 44. Qxf5+ Ka6 45. Qb5+
Qxb5 46. cxb5+ Kxb5 47. Ne2 a3 48. Nc1 Kb4 49. h4 Kc3 50. h5 Kb2 51. h6 Kxc1
52. h7 1-0

[Event "Madrid ch Final 2019"]
[Site "Madrid ESP"]
[Date "2019.05.27"]
[Round "3.4"]
[White "Elissalt Cardenas, Hector"]
[Black "Rodriguez Melendez, Juan Humbert"]
[Result "1/2-1/2"]
[WhiteElo "2287"]
[BlackElo "2212"]
[PlyCount "116"]
[EventDate "2019.05.25"]
[EventType "swiss"]
[EventRounds "7"]
[EventCountry "ESP"]
[SourceTitle "Ajedrez en Madrid"]
[Source "lmi"]
[SourceDate "2019.05.25"]
[SourceVersion "1"]
[SourceVersionDate "2019.06.03"]
[SourceQuality "1"]

1. d4 Nf6 2. c4 g6 3. Nc3 Bg7 4. e4 d6 5. Be2 O-O 6. Be3 e5 7. d5 Na6 8. g4 Nc5
9. f3 h5 10. g5 Nh7 11. h4 f6 12. Qd2 fxg5 13. hxg5 Qe7 14. Nh3 Bxh3 15. Rxh3
Rf4 16. Bxf4 exf4 17. Rh2 a5 18. Rg2 Rf8 19. O-O-O a4 20. Kc2 Qe5 21. Rb1 Kh8
22. Rgg1 Nxg5 23. b4 axb3+ 24. axb3 Ra8 25. Ra1 Rxa1 26. Rxa1 Kh7 27. b4 Ncxe4
28. fxe4 Nxe4 29. Nxe4 Qb2+ 30. Kd3 Qd4+ 31. Kc2 Qb2+ 32. Kd3 Qxa1 33. Qxf4
Qd4+ 34. Kc2 Qb2+ 35. Kd1 Qb1+ 36. Kd2 Qxb4+ 37. Ke3 Bh6 38. Ng5+ Bxg5 39. Qxg5
Qc3+ 40. Ke4 Qg7 41. Bd3 Qf7 42. Ke3 Kg7 43. Qd8 Kh7 44. Qg5 Kg7 45. Qd8 b6 46.
Be4 Kh6 47. Qc8 Kg5 48. Qh3 Qf4+ 49. Kd3 Qf6 50. Qe3+ Kh4 51. Qe1+ Kg5 52. Qc1+
Kh4 53. Qg1 g5 54. Qh2+ Kg4 55. Qg2+ Kh4 56. Qh2+ Kg4 57. Qg1+ Kh4 58. Qh2+ Kg4
1/2-1/2

[Event "Madrid ch Final 2019"]
[Site "Madrid ESP"]
[Date "2019.05.27"]
[Round "3.5"]
[White "Rios Rebollo, Victor"]
[Black "Serrano Salvador, Eduardo"]
[Result "1/2-1/2"]
[WhiteElo "2007"]
[BlackElo "2324"]
[PlyCount "165"]
[EventDate "2019.05.25"]
[EventType "swiss"]
[EventRounds "7"]
[EventCountry "ESP"]
[SourceTitle "Ajedrez en Madrid"]
[Source "lmi"]
[SourceDate "2019.05.25"]
[SourceVersion "1"]
[SourceVersionDate "2019.06.03"]
[SourceQuality "1"]

1. d4 d5 2. c4 c6 3. e3 Nf6 4. Nc3 e6 5. Nf3 Nbd7 6. Qc2 Bd6 7. b3 O-O 8. Be2
Re8 9. O-O b6 10. Bb2 Bb7 11. Rad1 Qe7 12. e4 Nxe4 13. Nxe4 dxe4 14. Qxe4 Nf6
15. Qh4 Ba3 16. Ba1 Rad8 17. Ne5 c5 18. Bf3 Bxf3 19. Nxf3 cxd4 20. Nxd4 Qd7 21.
Rde1 Bb4 22. Re5 h6 23. Nf3 Be7 24. Re3 Qc7 25. Be5 Qc5 26. Qh3 Rd7 27. g4 Nh7
28. Bc3 Red8 29. Ne5 Rd1 30. Qh5 Rxf1+ 31. Kxf1 g6 32. Nxg6 Qxh5 33. Nxe7+ Kf8
34. gxh5 Kxe7 35. Bb4+ Ke8 36. Ke2 Rd4 37. Re5 Ng5 38. Bc3 Rh4 39. Bd2 Rxh5 40.
Bf4 f6 41. Re3 e5 42. Bg3 Ne6 43. Kd3 Kf7 44. b4 Rg5 45. a4 Rg8 46. Kc3 Rd8 47.
Re1 Rd4 48. a5 bxa5 49. bxa5 Nc5 50. Rb1 Ne4+ 51. Kb4 Rd8 52. Rc1 Rb8+ 53. Ka3
Nc5 54. f4 e4 55. f5 Rb3+ 56. Ka2 Rb4 57. Bc7 Ra4+ 58. Kb1 Nb3 59. Rc3 Nxa5 60.
c5 Nc6 61. Bf4 h5 62. Rb3 Rb4 63. Kb2 Ke7 64. Rxb4 Nxb4 65. Kb3 Nd3 66. Bd6+
Kd7 67. Kc4 Kc6 68. Kd4 a5 69. Be7 a4 70. h4 a3 71. Kxe4 Nxc5+ 72. Ke3 a2 73.
Bxf6 Kd5 74. Bb2 Kd6 75. Bc3 Ke7 76. Kf4 Kf7 77. Ba1 Nb3 78. Bb2 a1=Q 79. Bxa1
Nxa1 80. Kg5 Nc2 81. Kxh5 Kf6 82. Kg4 Ne3+ 83. Kf4 1/2-1/2

[Event "Madrid ch Final 2019"]
[Site "Madrid ESP"]
[Date "2019.05.27"]
[Round "3.6"]
[White "Martinez Fernandez, Raul"]
[Black "Garcia Sanz, Eduardo"]
[Result "1-0"]
[WhiteElo "2202"]
[BlackElo "1820"]
[PlyCount "83"]
[EventDate "2019.05.25"]
[EventType "swiss"]
[EventRounds "7"]
[EventCountry "ESP"]
[SourceTitle "Ajedrez en Madrid"]
[Source "lmi"]
[SourceDate "2019.05.25"]
[SourceVersion "1"]
[SourceVersionDate "2019.06.03"]
[SourceQuality "1"]

1. e4 c5 2. Nf3 e6 3. g3 Nc6 4. Bg2 d5 5. exd5 exd5 6. O-O Be7 7. d4 cxd4 8.
Nxd4 Nf6 9. Nc3 O-O 10. Be3 Re8 11. Nb3 Be6 12. Bc5 b6 13. Bxe7 Rxe7 14. Nd4
Nxd4 15. Qxd4 Rc8 16. Rfd1 Rec7 17. Bf1 Qf8 18. Ba6 Rd8 19. Rd2 Qc5 20. Nb5
Rcd7 21. c3 Ne4 22. Re2 Ng5 23. Re3 Kf8 24. Rae1 h6 25. h4 Ne4 26. Qd1 Nf6 27.
Nd4 Bg4 28. Qa4 Qa5 29. Qxa5 bxa5 30. Nc6 Ra8 31. Nxa5 Be6 32. Nc6 Rc7 33. Nd4
Bd7 34. f3 Rb8 35. b4 Re8 36. Rxe8+ Bxe8 37. Rc1 Re7 38. Kf2 Nd7 39. c4 Nb8 40.
Bb5 Bxb5 41. cxb5 Rb7 42. Rc8+ 1-0

[Event "Madrid ch Final 2019"]
[Site "Madrid ESP"]
[Date "2019.05.27"]
[Round "3.7"]
[White "Perez Diez, Victor"]
[Black "Mkrtchyan, Levon"]
[Result "1/2-1/2"]
[WhiteElo "2018"]
[BlackElo "2168"]
[PlyCount "107"]
[EventDate "2019.05.25"]
[EventType "swiss"]
[EventRounds "7"]
[EventCountry "ESP"]
[SourceTitle "Ajedrez en Madrid"]
[Source "lmi"]
[SourceDate "2019.05.25"]
[SourceVersion "1"]
[SourceVersionDate "2019.06.03"]
[SourceQuality "1"]

1. e4 e6 2. d3 d5 3. Nd2 Nf6 4. Ngf3 b6 5. c3 dxe4 6. dxe4 Bb7 7. Qc2 Bc5 8. b4
Be7 9. Be2 O-O 10. O-O c5 11. a3 Qc7 12. Qb1 Nbd7 13. Bb2 Rfd8 14. c4 Rac8 15.
b5 Qb8 16. Re1 Bd6 17. Qc2 Ne5 18. g3 Nxf3+ 19. Bxf3 Be5 20. Bg2 Rd7 21. Bxe5
Qxe5 22. Nf3 Qh5 23. h3 Nxe4 24. Rxe4 Bxe4 25. Qxe4 Rcd8 26. Re1 Rd3 27. Ne5
Rxa3 28. g4 Qh6 29. h4 Qf6 30. g5 Qf5 31. Qb7 Ra2 32. Bf3 Qf4 33. Kg2 Rf8 34.
Re4 Qc1 35. Nd3 Qb1 36. Re3 Ra3 37. Qe4 Qa1 38. Nf4 Rxe3 39. Qxe3 Rd8 40. Be2
Rd4 41. h5 h6 42. g6 Rd6 43. Qe4 fxg6 44. Qa8+ Kf7 45. hxg6+ Ke7 46. Qb7+ Rd7
47. Qe4 Rd6 48. Bg4 Qd4 49. Qf3 Qxc4 50. Kg3 e5 51. Qb7+ Kf6 52. Ne6 Qd3+ 53.
f3 Qxg6 54. Nf8 1/2-1/2

[Event "Madrid ch Final 2019"]
[Site "Madrid ESP"]
[Date "2019.05.27"]
[Round "3.8"]
[White "Rojas Pozo, Jose Luis"]
[Black "Nieto De La Cruz, Julio"]
[Result "1-0"]
[WhiteElo "1974"]
[BlackElo "2168"]
[PlyCount "129"]
[EventDate "2019.05.25"]
[EventType "swiss"]
[EventRounds "7"]
[EventCountry "ESP"]
[SourceTitle "Ajedrez en Madrid"]
[Source "lmi"]
[SourceDate "2019.05.25"]
[SourceVersion "1"]
[SourceVersionDate "2019.06.03"]
[SourceQuality "1"]

1. d4 Nf6 2. c4 e6 3. Nf3 c5 4. e3 d5 5. Nc3 Nc6 6. Be2 dxc4 7. Bxc4 Be7 8. O-O
a6 9. dxc5 Qxd1 10. Rxd1 Bxc5 11. a3 b5 12. Ba2 Bb7 13. b4 Ba7 14. Bb2 Ke7 15.
Rd2 Rhd8 16. Rad1 h6 17. Rxd8 Rxd8 18. Rxd8 Kxd8 19. Kf1 Bb8 20. Ne2 Bd6 21. h3
Kc7 22. Ned4 Nxd4 23. Nxd4 Bd5 24. Bxd5 Nxd5 25. Nb3 Nb6 26. Bxg7 Nc4 27. Bxh6
Nxa3 28. Bg7 Kd7 29. Nc5+ Ke7 30. Nxa6 f6 31. Bh6 Nc2 32. Ke2 e5 33. Kd2 Nxb4
34. Nxb4 Bxb4+ 35. Kd3 Bc5 36. f3 Kf7 37. e4 Kg6 38. Be3 Bb4 39. Bf2 Ba3 40. g3
Bd6 41. Kc3 Bf8 42. Be3 Be7 43. g4 Bd6 44. h4 Be7 45. f4 exf4 46. Bxf4 Bc5 47.
h5+ Kf7 48. e5 fxe5 49. Bxe5 Be3 50. Kb4 Ke6 51. Bg7 Kf7 52. Bc3 Ke6 53. Kxb5
Bg5 54. Kc6 Bh6 55. Ba5 Bg5 56. Bc7 Be3 57. Bd8 Bf4 58. g5 Kf5 59. g6 Bh6 60.
Kd7 Kg4 61. Ke6 Kxh5 62. Kf7 Kg4 63. Bf6 Kf5 64. Bc3 Kg4 65. Bd2 1-0

[Event "Madrid ch Final 2019"]
[Site "Madrid ESP"]
[Date "2019.05.27"]
[Round "3.9"]
[White "De La Puerta Cresis, Javier"]
[Black "Gonzalez Rivera, Eduardo"]
[Result "1/2-1/2"]
[WhiteElo "2116"]
[BlackElo "1998"]
[PlyCount "119"]
[EventDate "2019.05.25"]
[EventType "swiss"]
[EventRounds "7"]
[EventCountry "ESP"]
[SourceTitle "Ajedrez en Madrid"]
[Source "lmi"]
[SourceDate "2019.05.25"]
[SourceVersion "1"]
[SourceVersionDate "2019.06.03"]
[SourceQuality "1"]

1. d4 d5 2. c4 c6 3. cxd5 cxd5 4. Nf3 Nf6 5. Nc3 Nc6 6. Bf4 a6 7. Rc1 Bf5 8. e3
e6 9. Qb3 Bb4 10. Be2 O-O 11. O-O Bxc3 12. Rxc3 Ne4 13. Rcc1 g5 14. Bg3 g4 15.
Nh4 Nd2 16. Qxb7 Nxf1 17. Bxf1 Na5 18. Qb4 Ra7 19. Nxf5 exf5 20. Rc5 Nc4 21.
Bxc4 dxc4 22. Rxf5 h6 23. Qxc4 Qd7 24. Rc5 Rb7 25. b3 Rb5 26. Rc6 Qf5 27. Qc2
Qxc2 28. Rxc2 a5 29. Rc5 Rxc5 30. dxc5 Re8 31. Kf1 Re4 32. Ke2 a4 33. Kd3 axb3
34. axb3 f5 35. c6 Kf7 36. c7 Re8 37. Kd4 Ke6 38. Kc5 Kd7 39. b4 Ra8 40. Kb6
Ra4 41. Bd6 Kc8 42. Kc6 Ra2 43. Bg3 Rc2+ 44. Kd5 Rb2 45. Kc4 h5 46. Kc3 Rb1 47.
Kc4 h4 48. Bxh4 Kxc7 49. f3 Rb2 50. fxg4 fxg4 51. e4 Rxg2 52. Kd5 Kd7 53. Bg3
Rb2 54. Kc5 Rc2+ 55. Kb6 Rc4 56. b5 Rxe4 57. Kb7 Rb4 58. b6 Rb3 59. Bc7 Rb1 60.
Bg3 1/2-1/2

[Event "Madrid ch Final 2019"]
[Site "Madrid ESP"]
[Date "2019.05.27"]
[Round "3.10"]
[White "Bello Burguet, Glenier Lazaro"]
[Black "Pastor Alonso De Prado, Alberto"]
[Result "0-1"]
[WhiteElo "1961"]
[BlackElo "2094"]
[PlyCount "72"]
[EventDate "2019.05.25"]
[EventType "swiss"]
[EventRounds "7"]
[EventCountry "ESP"]
[SourceTitle "Ajedrez en Madrid"]
[Source "lmi"]
[SourceDate "2019.05.25"]
[SourceVersion "1"]
[SourceVersionDate "2019.06.03"]
[SourceQuality "1"]

1. d4 d5 2. c4 e6 3. Nf3 Nf6 4. g3 Be7 5. Bg2 O-O 6. O-O b6 7. Nbd2 Bb7 8. b3
Na6 9. Bb2 c5 10. Rc1 Rc8 11. Ne5 cxd4 12. Bxd4 Ba3 13. Ra1 Qe7 14. cxd5 exd5
15. Nd3 Nc5 16. Bxc5 bxc5 17. Nb1 c4 18. bxc4 dxc4 19. Bxb7 Qxb7 20. Nxa3 cxd3
21. Qxd3 Rfd8 22. Qb3 Qa6 23. Rad1 Rxd1 24. Rxd1 Qxe2 25. Qd3 Qe6 26. Nb5 h5
27. Nxa7 Ra8 28. Nb5 Rxa2 29. Qd8+ Kh7 30. Qd3+ g6 31. Nd4 Qd5 32. Qf3 Qxf3 33.
Nxf3 Ne4 34. Rf1 Kg7 35. h4 f6 36. Ne1 Nd2 0-1